000 00576nam a2200205 i 4500
001 bg
100 1 _aCZUMA, Łukasz
245 1 0 _aKatolicka nauka społeczna /
_cŁukasz Czuma ; Stronnictwo Chrześcijańskiej Demokracji.
260 _aLublin :
_b"KARYA",
_c1993.
300 _a145 s. ;
_c24 cm.
504 _aBibliogr. s. 15-17.
650 9 _aNauka społeczna Kościoła katolickiego
020 _a8390106809
040 _cBPK
041 0 _apl
080 _a316.2:330.875:282
920 _a83-901068-0-9
942 _cKS
008 s pl f |000 0 pol
999 _c30391
_d30391
856 _uhttp://koha.tu.koszalin.pl/cgi-bin/koha/opac-detail.pl?biblionumber=30391
_yKatalog online BPK